|
|
|
|
| LEADER |
01551nam a22003137a 4500 |
| 001 |
AAL7926 |
| 003 |
BD-DhAAL |
| 005 |
20190804121610.0 |
| 008 |
160209m20111992bg ||||| b||| 001 0 ben d |
| 999 |
|
|
|c 36825
|d 36825
|
| 020 |
|
|
|a 9789840400775
|
| 020 |
|
|
|a 9789840421534
|
| 040 |
|
|
|a BD-DhAAL
|c BD-DhAAL
|
| 082 |
|
|
|a 305.42
|
| 100 |
|
|
|a আজাদ, হুমায়ুন
|9 17916
|
| 245 |
|
|
|a নারী /
|c হুমায়ুন আজাদ
|
| 246 |
|
|
|a Nari
|
| 260 |
|
|
|a ঢাকা :
|b আগামী প্রকাশনী,
|c ২০১২ [তৃতীয় সংস্করণ পঞ্চবিংশ মুদ্রণ ২০১৮]
|
| 300 |
|
|
|a ৪০৮ পৃ. ;
|c ২২ সে.মি.
|
| 526 |
|
|
|a AAL
|
| 541 |
|
|
|a Development Book Agency
|e 7926, 35038
|
| 650 |
|
|
|a Feminism.
|9 17917
|
| 650 |
|
|
|a Women
|x Legal status, laws, etc.
|9 17918
|
| 650 |
|
|
|a Women
|x Social conditions.
|9 17919
|
| 852 |
|
|
|a Ayesha Abed Library
|c General Stacks
|
| 942 |
|
|
|2 ddc
|c BK
|
| 952 |
|
|
|0 0
|1 0
|2 ddc
|4 0
|6 305_400000000000000_2_AZA
|7 0
|9 57956
|a SCL
|b SCL
|c GEN
|d 2016-02-09
|g 500.00
|l 6
|m 8
|o 305.42 AZA
|p 3020007926
|r 2026-02-07
|s 2026-02-01
|t 1
|w 2016-02-09
|y BK
|
| 952 |
|
|
|0 0
|1 0
|2 ddc
|4 0
|6 305_400000000000000_2_AZA
|7 0
|9 59415
|a SCL
|b SCL
|c GEN
|d 2016-07-24
|g 500.00
|l 10
|m 20
|o 305.42 AZA
|p 3020007927
|r 2026-04-27
|s 2026-04-22
|t 2
|w 2016-07-24
|y BK
|
| 952 |
|
|
|0 0
|1 0
|2 ddc
|4 0
|6 305_420000000000000_AZA
|7 0
|9 65890
|a BRACUL
|b BRACUL
|c GEN
|d 2019-07-24
|e Development Book Agency
|g 440.00
|l 15
|m 133
|o 305.42 AZA
|p 3010035038
|r 2026-04-27
|s 2026-04-18
|t 3
|v 440.00
|w 2019-07-24
|y BK
|